Death Knell Lyrics-Ghost - Statistics

General Stats
  • This quiz has been taken 81 times
    80 since last reset
  • The average score is 79 of 94
Answer Stats
Answer % Correct
A
100%
a
100%
A
100%
A
100%
A
100%
N
100%
S
100%
T
100%
death
97%
Death
97%
death
97%
Death
97%
the
97%
the
97%
the
97%
the
97%
the
97%
the
97%
the
97%
the
97%
the
97%
knell
94%
knell
94%
knell
94%
knell
94%
Of
94%
of
94%
of
94%
Of
94%
of
94%
of
94%
of
94%
you
94%
you
94%
you
94%
you
94%
Six
91%
six
91%
six
91%
can
88%
can
88%
Can
88%
Sex
88%
sex
88%
sex
88%
for
85%
for
85%
see
85%
As
82%
as
82%
cross
82%
evil
82%
evil
82%
hear
82%
his
82%
his
82%
king
82%
light
82%
name
82%
spell
82%
Under
82%
beast
79%
hell
79%
Say
79%
Say
79%
say
79%
chimes
76%
goat
76%
Receive
76%
Strike
76%
symbol
76%
now
74%
end
71%
Evoke
71%
Inverted
71%
our
71%
thousand
71%
Tolls
71%
will
71%
young
71%
call
68%
Carrier
68%
out
68%
solemnly
68%
victor
68%
Bells
65%
child
65%
doom
65%
feed
65%
Legions
65%
reaches
65%
womb
65%
spouse
62%
seed
53%
No matching quizzes found
Score Distribution
Percent of People with Each Score
Percentile by Number Answered
Your Score History
You have not taken this quiz since the last reset